INFORME FINAL DEL EJERCICIO PROFESIONAL SUPERVISADO REALIZADO EN AGROVETERINARIA LOS POLLITOS, COBÁN, ALTA VERAPAZ/ (Registro nro. 1230)
[ vista simple ]
| 000 -LEADER | |
|---|---|
| campo de control de longitud fija | 02873nam a22003257a 4500 |
| 001 - NÚMERO DE CONTROL | |
| campo de control | EPSCPA 0003 |
| 003 - IDENTIFICADOR DE NÚMERO DE CONTROL | |
| campo de control | gtcocun |
| 005 - FECHA Y HORA DE LA ÚLTIMA TRANSACCIÓN | |
| campo de control | 20250820195834.0 |
| 006 - CÓDIGOS DE INFORMACIÓN DE LONGITUD FIJA--CARACTERÍSTICAS DEL MATERIAL ADICIONAL | |
| campo de control de longitud fija | a||||gr|||| 00| 0 |
| 007 - CAMPO FIJO DE DESCRIPCIÓN FÍSICA--INFORMACIÓN GENERAL | |
| campo de control de longitud fija | ta |
| 008 - DATOS DE LONGITUD FIJA--INFORMACIÓN GENERAL | |
| campo de control de longitud fija | 250820b2015 gt ||||| m||| 00| 0 eng d |
| 040 ## - FUENTE DE CATALOGACIÓN | |
| Centro catalogador/agencia de origen | gtcocun |
| Lengua de catalogación | SPA |
| Centro/agencia transcriptor | gtcocun |
| Normas de descripción | RDA |
| 041 ## - CÓDIGO DE IDIOMA | |
| Código de lengua del texto/banda sonora o título independiente | SPA EPSCPA 0003 |
| 084 ## - OTRO NÚMERO DE CLASIFICACIÓN | |
| Número de control del registro de autoridad o número normalizado | EPSCPA 0003 |
| 100 ## - ENTRADA PRINCIPAL--NOMBRE DE PERSONA | |
| Nombre de persona | Oxom Bá, Leonardo |
| Término indicativo de función/relación | Autor |
| 245 ## - MENCIÓN DEL TÍTULO | |
| Título | INFORME FINAL DEL EJERCICIO PROFESIONAL SUPERVISADO REALIZADO EN AGROVETERINARIA LOS POLLITOS, COBÁN, ALTA VERAPAZ/ |
| Mención de responsabilidad, etc. | Leonardo Oxom Bá. |
| Medio | Impreso |
| 264 ## - PRODUCCIÓN, PUBLICACIÓN, DISTRIBUCIÓN, FABRICACIÓN Y COPYRIGHT | |
| Producción, publicación, distribución, fabricación y copyright | Cobán, Alta Verapaz: |
| Nombre del de productor, editor, distribuidor, fabricante | Universidad de San Carlos de Guatemala, Centro Universitario del Norte, Carrera de Contaduría Pública y Auditoría |
| Fecha de producción, publicación, distribución, fabricación o copyright | 2015 |
| 300 ## - DESCRIPCIÓN FÍSICA | |
| Extensión | 123 p.: |
| Otras características físicas | Ilustraciones, gráficas. |
| Dimensiones | 28 cm; |
| 336 ## - TIPO DE CONTENIDO | |
| Fuente | rdacontenido |
| Término de tipo de contenido | Texto |
| Código de tipo de contenido | txt |
| 337 ## - TIPO DE MEDIO | |
| Fuente | rdamedio |
| Nombre/término del tipo de medio | Computadora |
| Código del tipo de medio | n |
| 338 ## - TIPO DE SOPORTE | |
| Fuente | rdasoporte |
| Nombre/término del tipo de soporte | Código en línea |
| Código del tipo de soporte | cr |
| 502 ## - NOTA DE TESIS | |
| identificador de la tesis | EPSCPA 0003 |
| 502 ## - NOTA DE TESIS | |
| Nota de tesis | Tesis de grado |
| Tipo de título | Carrera de Contaduría Pública y Auditoría, |
| Nombre de la institución que otorga el título | Universidad de San Carlos de Guatemala, Centro Universitario del Norte, Carrera de Contaduría Pública y Auditoría |
| Año de obtención del título | 2015 |
| Identificador de la tesis | EPSCPA 0003 |
| 520 14 - RESUMEN, ETC. | |
| Sumario, etc. | El Ejercicio Profesional Supervisado – EPS- en la Carrera de Contaduría Pública y Auditoría fue enfocado en realizar una serie de actividades orientadas a la solución de problemas en el área contable de la entidad.<br/><br/>La realización del Ejercicio Profesional Supervisado fue mediante estas fases: diagnóstico empresarial, planificación, ejecución de las actividades y elaboración de informe final.<br/><br/>Los hallazgos primordiales que fueron detectados por medio del diagnóstico son: 1) Inconvenientes en cuanto a la aplicación y cumplimiento de leyes fiscales. La causa de esta situación es la insuficiencia de conocimiento en relación a las leyes tributarias y la carencia de evaluación del cumplimiento de obligaciones tributarias. Para solucionar este problema se efectuó una auditoría fiscal del período 2014, con el objeto de identificar deficiencias y presentar propuestas de solución. La auditoría fue planificada previa a su ejecución y como parte final se elaboró y presentó al propietario de la empresa un informe que contiene los hallazgos relevantes y las recomendaciones pertinentes. Las recomendaciones fueron dadas en base a un marco de referencia aplicable. 2) Transacciones comerciales no contabilizadas. A este respecto la entidad no tiene registrado las operaciones que realizó desde el período 2009 hasta 2014. |
| 650 14 - PUNTO DE ACCESO ADICIONAL DE MATERIA--TÉRMINO DE MATERIA | |
| Fuente del encabezamiento o término | LEMB |
| Término de materia o nombre geográfico como elemento de entrada | Cobán, Alta Verapaz |
| Subdivisión general | Auditoría |
| -- | Área contable |
| -- | Diagnóstico empresarial |
| -- | Planificación |
| -- | Informe final |
| -- | Cumplimiento de leyes fiscales |
| 700 ## - ENTRADA AGREGADA--NOMBRE PERSONAL | |
| Término indicativo de función/relación | Asesor |
| 856 ## - LOCALIZACIÓN Y ACCESO ELECTRÓNICOS | |
| Identificador Uniforme de Recurso | <a href="Sin archivo en línea ">Sin archivo en línea </a> |
| Nota pública | Sin archivo en línea |
| Texto de enlace | |
| 942 ## - ELEMENTOS DE ENTRADA SECUNDARIOS (KOHA) | |
| Fuente de la clasificación o esquema de estantería | Clasificación Decimal Dewey |
| Tipo de ítem Koha | TESIS |
| Parte de la signatura que identifica el ejemplar (Parte del ítem) | EPSCPA 0003 |
| Prefijo de la signatura | Clasificación |
| Suprimir en OPAC | No |
| -- | EPSCPA_0003_000000000000000 |
| Estatus retirado | Estado de pérdida | Fuente de la clasificación o esquema de estantería | Estado de daño | No para préstamo | Colección | Biblioteca de origen | Biblioteca actual | Ubicación en estantería | Fecha de adquisición | Número de inventario | Total de préstamos | Signatura topográfica completa | Código de barras | Visto por última vez | Precio de reemplazo | Tipo de ítem Koha |
|---|---|---|---|---|---|---|---|---|---|---|---|---|---|---|---|---|
| Clasificación Decimal Dewey | tesis | BIBLIOTECA- CUNOR -JOSÉ LUIS GONZALES ROSALES | BIBLIOTECA- CUNOR -JOSÉ LUIS GONZALES ROSALES | Colección tesis | 20/08/2025 | EPSCPA 0003 | EPSCPA 0003 | EPSCPA 0003 | 20/08/2025 | 20/08/2025 | TESIS |